banner koha

Avaliação de diferentes processos de destoxificação sobre o valor nutricional e energético da torta de mamona para suínos (Registro n. 301051)

MARC details
000 -LÍDER
fixed length control field 03556nab a2200373 i 4500
003 - CÓDIGO MARC DA AGÊNCIA CATALOGADORA
Campo de controle BR-BrBNA
005 - DATA E HORA DA ÚLTIMA ATUALIZAÇÃO
Campo de controle 20240828121822.0
008 - CAMPO DE TAMANHO FIXO
fixed length control field 240828b2018 bl.|r|pooa||| 00| 0 por |
040 ## - FONTE DA CATALOGAÇÃO
Agência catalogadora BR-BrBNA
Idioma da catalogação por
072 ## - CATEGORIA AGRIS
Código AGRIS L02
Código do objeto 5300
072 ## - CATEGORIA AGRIS
Código AGRIS L51
100 ## - ENTRADA PRINCIPAL - NOME PESSOAL
Nome pessoal Silva, T.R.G.
100 ## - ENTRADA PRINCIPAL - NOME PESSOAL
Nome pessoal Pascoal, L. A. F.
100 ## - ENTRADA PRINCIPAL - NOME PESSOAL
Nome pessoal Costa, F. G. P.
100 ## - ENTRADA PRINCIPAL - NOME PESSOAL
Nome pessoal Martins, T. D. D.
100 ## - ENTRADA PRINCIPAL - NOME PESSOAL
Nome pessoal Silva Junior, J. B.
100 ## - ENTRADA PRINCIPAL - NOME PESSOAL
Nome pessoal Silva Neto, M. R.
100 ## - ENTRADA PRINCIPAL - NOME PESSOAL
Nome pessoal Watanabe, P. H.
245 ## - TÍTULO PRINCIPAL
Título principal Avaliação de diferentes processos de destoxificação sobre o valor nutricional e energético da torta de mamona para suínos
500 ## - NOTA GERAL
Nota geral Publicação online; 25 ref.; 4 tables; Summaries (En, Pt)
942 ## - ADDED ENTRY ELEMENTS (KOHA)
Koha item type
520 ## - NOTA DE RESUMO
Nota de conteúdo <br/><br/>RESUMO - O objetivo do presente estudo foi avaliar o valor nutricional e energético da torta de mamona destoxificada por diferentes métodos para suínos em crescimento. Foram utilizados 24 suínos machos, castrados, distribuídos em seis tratamentos, sendo uma ração referência e cinco rações testes (75% da dieta referência e 25% das tortas de mamona) contendo a torta de mamona destoxificada pelos métodos do hidróxido de cálcio, da autoclavagem, do hidróxido de cálcio+ensilagem, da autoclavagem+ensilagem e da extrusão. As tortas de mamona submetidas aos processos de destoxificação com hidróxido de cálcio e autoclavagem resultaram em maior teor de proteína digestível. Para o valor de energia metabolizável, os processos de destoxificação com hidróxido de cálcio, autoclavagem, hidróxido de cálcio+ensilagem e extrusão não diferiram entre si. Considerando-se a valoração nutricional e energética da torta de mamona por meio dos processos de destoxificação, os métodos com uso de hidróxido de cálcio e autoclavagem são os mais eficientes.<br/><br/><br/>Palavras-chave: alimento alternativo, digestibilidade, fator antinutricional, ricina
520 ## - NOTA DE RESUMO
Nota de conteúdo <br/><br/>ABSTRACT - The aim of this study was to evaluate the nutritional and energy value of castor bean cake detoxified by different methods for growing pigs. A total of 24 barrows was distributed in six treatments, being in a reference diet and 5 test diets (75% of the reference diet and 25% of castor beam cake) containing castor bean cake detoxified by the method of calcium hydroxide, autoclaving, calcium hydroxide + silage, autoclaving + silage and extrusion. Castor bean cake subjected to detoxification processes with calcium hydroxide and autoclaving resulted in higher content of digestible protein. For the metabolizable energy value, the process of detoxification with calcium hydroxide, autoclaving, calcium hydroxide+silage, and extrusion did not differ. Considering the nutritional and energy valuation of castor bean cake detoxified by different procedures, the methods using calcium hydroxide and autoclaving were the most efficient.<br/><br/><br/>Keywords: alternative feedstuff, antinutritional factor, digestibility, ricin
650 ## - ASSUNTO - THESAGRO
Cabeçalho tópico ou nome geográfico SUÍNO
650 ## - ASSUNTO - THESAGRO
Cabeçalho tópico ou nome geográfico CRESCIMENTO
650 ## - ASSUNTO - THESAGRO
Cabeçalho tópico ou nome geográfico NUTRIÇÃO ANIMAL
650 ## - ASSUNTO - THESAGRO
Cabeçalho tópico ou nome geográfico ALIMENTO ALTERNATIVO
650 ## - ASSUNTO - THESAGRO
Cabeçalho tópico ou nome geográfico DIGESTIBILIDADE
650 ## - ASSUNTO - THESAGRO
Cabeçalho tópico ou nome geográfico RICINA
650 ## - ASSUNTO - THESAGRO
Cabeçalho tópico ou nome geográfico VALOR NUTRITIVO
773 0# - ENTRADA ANALÍTICA
Host Biblionumber 1643
Registro do item 317355
Imprenta Belo Horizonte-MG Universidade Federal de Minas Gerais - Escola de Veterinaria 1983
Outro identificador 2024-4007
Título Arquivo Brasileiro de Medicina Veterinária e Zootecnia (Brazil)
ISSN 0102-0935
Colação v. 70(2) p. 563-569; (2018)
Número de controle de registro BR2024002339
856 ## - ACESSO E ENDEREÇO ELETRÔNICO
Identificador uniforme de recurso - URI https://www.scielo.br/j/abmvz/a/Lg8vyD3FX6nwKD8TYXwzbCS/?format=pdf&lang=pt

Nenhum exemplar disponível.

BINAGRI

Telefone: (61)3218-2567/2388/3357/2097 - binagri@agro.gov.br

Ministério da Agricultura e Pecuária , Esplanada dos Ministérios, Bloco D, Anexo B, Brasília/DF, CEP: 70.043-900